000 00242nam a2200109Ia 4500
005 20251222175819.0
008 251222s9999||||xx |||||||||||||| ||spa||
082 _aDVD0150/B17/V.22
245 0 _aLa Biblia
264 _bBaldemore
942 _cDVD
999 _c40419
_d40419